Breve diccionario Artúrico

Gardado en:
Detalles Bibliográficos
Autor Principal: Alvar, Carlos (Author)
Formato: Libro
Idioma:Lingua castelá
Publicado: Madrid Alianza 1997
Series:Biblioteca Artúrica, 8703
Subjects:
Tags: Engadir etiqueta
Sen Etiquetas, Sexa o primeiro en etiquetar este rexistro!

MARC

LEADER 00000nam a2200000 a 4500
001 UCP6037
003 CL-VaPUC
008 991008e19970000SP |||||||||||||||||spa|d
082 0 4 |a 940.103  |b ALV  |2 21 
100 0 |a Alvar, Carlos  |e author  |9 434828 
245 1 0 |a Breve diccionario Artúrico 
300 |a 289 p 
942 |c BK 
945 |d 19991008 00:00:00  |a rbrito 
260 |a Madrid  |b Alianza  |c 1997 
650 0 |a Edad media  |9 258041 
650 0 |a Monarquía   |9 255259 
650 0 |a Caballeros y caballería   |9 266046 
650 0 |a Diccionarios  |9 256200 
583 |a last modification  |c 20121219 10:03:06  |k Rodrigo Vera 
490 0 |a Biblioteca Artúrica, 8703 
999 |c 283668  |d 283666 
952 |0 0  |1 0  |4 0  |6 940_103000000000000_ALV_1997  |7 0  |8 X  |9 327019  |a BIBHIS  |b BIBHIS  |d 2019-11-20  |i 3561208  |l 1  |o 940.103 ALV 1997  |p 3561208  |r 2024-01-30  |s 2023-10-19  |w 2019-11-20  |y BK_X  |k HIS